Responses for Show #663 - Wednesday, June 24, 1987

Bob Verini game 5.

Contestants

[<< previous game]

Fran Strykowski, a teacher originally from Albany, New York

Larry Brown, a product manager from Newport Beach, California

Bob Verini, a playwright and actor from New York City, New York (whose 4-day cash winnings total $36,202)

[next game >>]

Jeopardy! Round responses

EUROPE
LITERARY GEMS
"M"ENAGERIE
CRITICALLY SPEAKING
'60s SONGS
POTPOURRI
    $100 9
Yugoslavia

Bob
    $100 1
(Alex: Yes, from the book of Proverbs.)

rubies

Larry
    $100 2
(Fran: What are butterflies?)

moths

BobFran
    $100 7
Cobra

Bob
    $100 14
breaking up

Fran
    $100 20
cash (or collect) on delivery

Bob
    $200 13
its flag

Bob
    $200 3
King Arthur

Bob
    $200 25
a marmoset

Fran
    $200 8
(Bob: Who is Prince Charles?)
(Larry: Who is Prince Andrew?)

Prince Edward

BobLarryFran
    $200 16
my beautiful balloon

Bob
    $200 21
an hourglass

Bob
    $300 15
Madame Tussauds

Bob
    $300 4
The Rime of the Ancient Mariner

Larry
    $300 27
a moray eel

Larry
    $300 10
ALF

Bob
    $300 17
(Bob: Who are "Only The Lonely"?)
...
(Alex: [After singing the title] Obviously, I can't sing it as well as him.)

"Strangers In The Night"

Bob
Triple Stumper
    $300 22
(Alex: February, April, June, September, & November.)

5

Bob
    $400 24
the Rock of Gibraltar

Bob
    $400 5
Juliet

Bob
    $400 28
the musk deer

Larry
    $400 11
his face

Bob
    $400 18
a handy man

Triple Stumper
    $400 23
(Larry: What is kissing?)

sealed with a kiss

LarryFran
    $500 26
(Fran: What is Luxembourg?)

Paris

BobFran
    $500 6
The Pearl

Bob
    $500 29
(Fran: What are huskies?)

malamutes

BobFran
    $500 12
Reds

Fran
    $500 19
"This Is Dedicated To The One I Love"

Bob
    $500 30
(Alex: Many people, and I am one of them, ignore [*].)
[Bob Verini says the answer along with Alex.]

the little red tear string

Triple Stumper

Scores at the first commercial break (after clue 12):

Bob Larry Fran
$1,900 $200 $600

Scores at the end of the Jeopardy! Round:

Bob Larry Fran
$4,800 $500 $300

Double Jeopardy! Round responses

BALLET
FOREIGN WORDS
ARMED FORCES
HAIL TO THE CHIEF
SNAILS
SCARLET WOMEN
    $200 25
The Nutcracker

Bob
    $200 3
The Press

Bob
    $200 17
France

Larry
    $200 11
1964

Larry
    $200 16
escargot

Bob
    $200 1
Scarlett O'Hara

Bob
    $400 26
Peter and the Wolf

Bob
    $400 7
(Fran: What is a toreador jacket?)
(Alex: Well, you're in the right area. What is [*]? The music is Maurice Ravel's [*].)

bolero

Fran
    $400 18
the cossacks

Bob
    $1,000 12
Richard Nixon (Jackson, [William Henry] Harrison, and Jefferson)

Larry
    $400 22
1

Larry
    $400 2
the Lady in Red

Larry
    $600 27
George Balanchine

Bob
    $600 8
a Maharani

Fran
    $600 19
Hyman Rickover

Bob
    $600 13
John Adams

Bob
    $600 23
(Alex: They make for great eating, [*].)

abalone

Triple Stumper
    $600 4
Sophie Tucker

Bob
    $800 28
Nijinsky

Bob
    $800 9
(Bob: What is a decoy?)

a canard

Bob
Triple Stumper
    $800 20
the U.S.S. Missouri

Triple Stumper
    $800 14
Wilson

Fran
    $800 24
conch

Triple Stumper
    $800 5
Barb'ry, Barbara Allen

Bob
    $1000 29
The Turning Point

Bob
    $1000 10
a tip or bribe (or handout)

Bob
    $1000 21
Vietnam

Larry
    $1000 15
Gerald Ford

Larry
    $1000 30
As You Like It

Bob
    $1000 6
Sylvia Scarlett

Fran

Scores at the end of the Double Jeopardy! Round:

Bob Larry Fran
$12,600 $4,700 $2,300
(lock game)

[wagering suggestions for these scores]

Final Jeopardy! Round responses

SCULPTURE
FranWhat is Minuteman statue
$100
LarryWhat is the Revolutionary Soldier (the Minuteman)?
$4,700
BobWhat was The Spirit of 76?
$2,000
The Minuteman

Final scores:

Bob Larry Fran
$10,600 $9,400 $2,400
5-day champion: $46,802 2nd place: trip to Las Vegas 3rd place: Kraco phone and answering machine

Game dynamics:

Coryat scores:

Bob Larry Fran
$12,600 $4,100 $2,700
33 R
(including 1 DD),
3 W
11 R
(including 1 DD),
2 W
8 R,
4 W
(including 1 DD)

Combined Coryat: $19,400

[game clues] [game scores] [suggest correction]

Game tape date: Unknown
The J! Archive is created by fans, for fans. Scraping, republication, monetization, and malicious use prohibited; this site may use cookies and collect identifying information. See terms. The Jeopardy! game show and all elements thereof, including but not limited to copyright and trademark thereto, are the property of Jeopardy Productions, Inc. and are protected under law. This website is not affiliated with, sponsored by, or operated by Jeopardy Productions, Inc. Join the discussion at JBoard.tv.